Normal view
MARC view
Entry Personal Name
001 - CONTROL NUMBER
- control field: 260510
003 - CONTROL NUMBER IDENTIFIER
- control field: OSt
005 - DATE AND TIME OF LATEST TRANSACTION
- control field: 20260407144312.0
008 - FIXED-LENGTH DATA ELEMENTS
- fixed length control field: 260407|| aca||aabn | a|a d
040 ## - CATALOGING SOURCE
- Original cataloging agency: OSt
- Transcribing agency: OSt
100 ## - HEADING--PERSONAL NAME
- Personal name: Roman Kuc
670 ## - SOURCE DATA FOUND
- Source citation: Work cat.: (OSt)241161: Roman Kuc, Introduction to digital signal processing, 2015